01616nam a2200409 u 450000100070000000500170000700700100002400800410003403500110007504000130008604100080009908200080010710000420011524501080015726000430026530000130030852003680032165000300068965000130071965000350073265000360076765000230080365000120082665000120083865000160085065000100086665000110087665000230088765000220091065000180093265000220095065000420097265000400101465000270105470000350108150000900111696598720260507072544.0co|||||||060307e20050201 spa  a965987 ccomduadb aspa 4a78710aCardona Toro, Julian Amador4auteaut10aEn el espiritu popular colombiano : propuesta interpretativa de musica colombiana escrita para guitarra aMedellín :b[sin publicador],c2005. a1 CD-ROM3 a"En el espìritu popular colombiano", es una propuesta interpretativa de mùsica colombiana escrita para guitarra que busca hacer un aporte tècnico a la ejecuciòn de esta mùsica en particular; sin embargo, buena parte de los conceptos estàn tomados de la mùsica occidental, adaptàndolos a las necesidades de las mùsicas de tradiciòn colombianas. 7aMúsica colombiana2lemb aGuitarra 7aInterpretación musical2lemb 7aTiplexHistoriazColombia2lemb aBambuco - Historia aGuabina aPasillo 7aDanza2lemb aPorro aCumbia aSuites colombianas aMontaña, Gentil aMejia, Adolfo aCardona, Bernardo 0aAtehortúa Amaya, Blas Emilio, 1943- aArbeláez Rendón, Jorge Andrés aMúsica para guitarra10aEspinosa A., Cecilia4thseths aTesis (Especialista en Artes) Universidad de Antioquia. - Título del grado otorgado